000 01668nam0a22002531 4500
001 rc\4549473
005 20250612114250.0
021 _aRU
_b[65-100387]
035 _a(NLR Aleph) 008640381
090 _a8938491
_c8938491
100 _a20130416d1965 |||y0rusy50 ca
101 0 _arus
102 _aRU
105 _ay z |||||
200 1 _aТезисы докладов
_fМ-во здравоохранения Латв. ССР. Науч. о-во хирургов Латв. ССР, Секция анестезиологов и Секция дет. хирургов. Респ. науч. о-во травматологов-ортопедов Латв. ССР. Науч. о-во урологов Латв. ССР. Лаборатория эксперим. физиологии по оживлению организма при АМН СССР. IX респ. конференция хирургов, III респ. конференция урологов. I респ. конференция анестезиологов. III респ. конференция травматологов-ортопедов. Выездная сессия Лаборатории эксперим. физиологии по оживлению организма при АМН СССР. г. Рига, 30 ноября - 4 дек. 1965 г.
210 _aРига
_cБ. и.
_d1965
215 _a349 с.
_d21
606 _aХирургия
_jТезисы докладов
_2psbo
710 1 2 _aЛатвийская респ. конференция хирургов (9; 1965; Рига)
801 0 _aRU
_bNLR
_gpsbo
801 1 _aRU
_bELAR
_2rusmarc
852 _aNLR
_j66-3/113
942 _cBOOK
980 _aNB